[Event "MEX ol U14"]
[Site "Guanajuato"]
[Date "2002.07.16"]
[Round "6"]
[White "Solis Luna, Jose Armando"]
[Black "Covarrubias Sanchez, Miguel"]
[Result "0-1"]
[WhiteElo "1344"]
[BlackElo "1327"]
[PlyCount "154"]
[EventDate "2002.07.13"]
[EventType "swiss"]
[EventRounds "6"]
[EventCountry "MEX"]
[SourceTitle "EXT 2003"]
[Source "ChessBase"]
[SourceDate "2002.11.25"]
[SourceVersion "1"]
[SourceVersionDate "2002.11.25"]
[SourceQuality "1"]

1. e4 e5 2. Nf3 Nc6 3. Bb5 a6 4. Ba4 Nf6 5. 0-0 d6 6. Re1 Be7 7. c3 b5 8. Bc2 0-0 9. h3 Bb7 10. d4 h6 11. Nbd2 Re8 12. Nf1 Bf8 13. Ng3 Na5 14. Nf5 exd4 15. cxd4 Bxe4 16. Be3 Bxc2 17. Qxc2 Nc4 18. Bf4 Nd5 19. Rxe8 Qxe8 20. Re1 Qd7 21. Bg3 Ne7 22. Nxe7+ Bxe7 23. b3 Nb6 24. Qe4 Re8 25. Bh4 d5 26. Qe5 Kf8 27. Qh5 Bxh4 28. Ne5 Qe7 29. Re3 Bf6 30. Ng4 Qd6 31. Nxh6 gxh6 32. Qxh6+ Bg7 33. Rxe8+ Kxe8 34. Qxg7 Ke7 35. Qg5+ Qf6 36. Qg3 Kd7 37. Qg4+ Qe6 38. Qf4 Nc8 39. h4 Ne7 40. h5 Qe1+ 41. Kh2 Qe6 42. Kg1 f5 43. Qg5 Qg8 44. Qf6 Qh7 45. h6 c6 46. Kh2 Ng8 47. Qg7+ Qxg7 48. hxg7 Ke7 49. Kg3 Kf7 50. Kf4 Ne7 51. g8Q+ Kxg8 52. Ke5 Kf7 53. Kd6 Kf6 54. a4 bxa4 55. bxa4 a5 56. g3 Kf7 57. f3 Kf6 58. Kc5 Ke6 59. Kb6 Kd6 60. g4 f4 61. g5 Ng6 62. Kxa5 c5 63. Kb5 cxd4 64. Kb4 Nh4 65. Kb3 Kc5 66. Kc2 Kb4 67. Kd3 Nxf3 68. a5 Kxa5 69. g6 Ne5+ 70. Kxd4 Nxg6 71. Kd3 Kb5 72. Kd4 Kc6 73. Kd3 Kc5 74. Kc3 d4+ 75. Kd3 Kd5 76. Kd2 Ke4 77. Ke2 f3+ 0-1

[Event "MEX ol U14"]
[Site "Guanajuato"]
[Date "2002.07.14"]
[Round "1"]
[White "Ibarra Chami, Luis Fernando"]
[Black "Solis Luna, Jose Armando"]
[Result "1-0"]
[WhiteElo "1852"]
[BlackElo "1344"]
[PlyCount "65"]
[EventDate "2002.07.13"]
[EventType "swiss"]
[EventRounds "6"]
[EventCountry "MEX"]
[SourceTitle "EXT 2003"]
[Source "ChessBase"]
[SourceDate "2002.11.25"]
[SourceVersion "1"]
[SourceVersionDate "2002.11.25"]
[SourceQuality "1"]

1. e4 c5 2. g3 g6 3. Bg2 Bg7 4. f4 e6 5. Nf3 Ne7 6. d3 Nbc6 7. 0-0 0-0 8. c3 d6 9. Be3 Rb8 10. d4 cxd4 11. cxd4 d5 12. e5 Nf5 13. Bf2 Qb6 14. Qd2 Bd7 15. g4 Nfe7 16. Nc3 Rfc8 17. Bh4 Bh6 18. Rfd1 a6 19. b3 Qa7 20. Rac1 b5 21. Bf6 a5 22. Ne2 a4 23. Qe1 axb3 24. axb3 Ra8 25. Ng5 Bg7 26. Rc3 Qb6 27. Qh4 h5 28. Nf3 Ra2 29. Ng3 b4 30. Rcd3 Bf8 31. gxh5 Nf5 32. Nxf5 exf5 33. h6 1-0